000 00412pab a2200157 454500
008 180718b2010 xxu||||| |||| 00| 0 eng d
100 _aPanjabi, Kavita
245 _aOtiter Jed or times of revolution: Ila Mitra, the Santals and Tebhaga movement
260 _c2010
300 _ap.53-59.
362 _a14 Aug
650 _aTribes
773 _aEconomic and Political Weekly
908 _aN
909 _a87766
999 _c87766
_d87766